LEADER 01516nam a2200325 i 4500 001 000000158937 003 CaOOAMICUS 005 20070214000000.0 008 070214s1991 it u000 u ita u 013 $a136300 020 $a88-18-88021-7 040 $aSeMil$bita 100 1 $aEickhoff, Ekkehard.$0(OLS)http://semarc/name/41641 240 10$aVenedig, Wien und die Osmanen : Umbruch in Südosteuropa 1645-1700.$0(OLS)http://semarc/title/140656 245 10$aVenezia, Vienna e i turchi :$bbufera nel Sud-Est Europeo 1645-1700 /$cEkkehard Eickhoff ; Con la collaborazione di Rudolf Eickhoff. 260 $aMilano :$bRusconi,$c1991. 300 $a519 p. :$bill. ;$c22 cm. 490 0 $aOrizzonti della storia 500 $aContiene : Appendice ; Bibliografia. - Fondo Card. Giovanni Colombo. 650 4$aEuropa - Storia - Sec. 17.$0(OLS)http://semarc/subject/1050 650 4$aTurchia - Religioni - Storia.$0(OLS)http://semarc/subject/17077 700 1 $aEickhoff, Rudolf.$0(OLS)http://semarc/name/41642 830 0$aOrizzonti della storia.$0(OLS)http://semarc/title/14172 850 $aSeMil 852 $aSeMil$W1$xVenegono$y1$m1M VI 6$j110525$B110525$CSeMilBibl$Z2$F120162 $81 941 1 $a3 961 $aLascito: Colombo Card. Giovanni 996 $6020$a88-18-88021-7$9(OLS)http://semarc/number/74428 996 $6245$aVenezia, Vienna e i turchi :$bbufera nel Sud-Est Europeo 1645-1700$9(OLS)http://semarc/title/140655 996 $6260$aMilano :$bRusconi$9(OLS)http://semarc/publisher/30258 LEADER 01147nam a2200277 i 4500 001 000000168288 003 CaOOAMICUS 005 20080104000000.0 008 080104s1976 it u000 u ita u 013 $a145690 040 $aSeMil$bita 100 1 $aTwain, Mark,$d<1835-1910>.$0(OLS)http://semarc/name/21329 245 13$aIl biglietto da un milione di sterline /$cMark Twain ; traduzione dall'inglese di Edoardo Sylos Labini e Giovanna Mazzotti. 260 $aMilano :$bRusconi,$c1976. 300 $a214 p. ;$c20 cm. 490 0 $aBiblioteca Rusconi ;$v28 500 $aFondo Card. Giovanni Colombo. 700 1 $aMazzotti, Giovanna.$0(OLS)http://semarc/name/63207 700 1 $aSylos Labini, Edoardo.$0(OLS)http://semarc/name/63206 830 0$aBiblioteca Rusconi ;$v28.$0(OLS)http://semarc/title/12460 850 $aSeMil 852 $aSeMil$W1$xVenegono$y1$m1T III 45$j239718$B119375$CSeMilBibl$Z2$F130393 $81 941 1 $a3 961 $aLascito: Colombo Card. Giovanni 996 $6245$aIl biglietto da un milione di sterline$9(OLS)http://semarc/title/240773 996 $6260$aMilano :$bRusconi$9(OLS)http://semarc/publisher/30258